[Event "Mechanics' Summer TNM; 30/90, SD/30"]
[Site "San Francisco"]
[Date "2009.05.26"]
[Round "1.4"]
[White "Newey, Richard"]
[Black "Margulis, Igor"]
[Result "1/2-1/2"]
[WhiteElo "1716"]
[BlackElo "2115"]
[PlyCount "97"]
[EventDate "2009.??.??"]

1. e4 e5 2. Nf3 d6 3. Bc4 Be6 4. Bb3 Nf6 5. d3 Be7 6. Ng5 Bxb3 7. axb3 Nbd7 8.
O-O O-O 9. Nc3 a6 10. Bd2 b5 11. Ne2 c6 12. Ng3 g6 13. Ba5 Qb8 14. Bd2 d5 15.
Kh1 Nc5 16. b4 Ne6 17. Nh3 dxe4 18. Nxe4 Nxe4 19. dxe4 Rd8 20. Qe1 Nd4 21. Rc1
Qd6 22. Qe3 Nb3 23. Qxb3 Qxd2 24. c3 Qd3 25. Rfe1 c5 26. bxc5 Bxc5 27. Rcd1 Qc4
28. Qc2 Qe6 29. Rxd8+ Rxd8 30. b3 h6 31. Rd1 Rxd1+ 32. Qxd1 Kg7 33. f3 Qc6 34.
g3 a5 35. Kg2 a4 36. Nf2 Bxf2 37. Kxf2 Qc5+ 38. Ke2 Qxc3 39. bxa4 Qc4+ 40. Ke3
bxa4 41. Qa1 f6 42. Qa3 h5 43. Qe7+ Qf7 44. Qa3 Qa7+ 45. Ke2 Qd7 46. h4 Kh7 47.
Ke3 Qd4+ 48. Ke2 Kg7 49. Qe7+ 1/2-1/2

[Event "Mechanics' Winter TNM; 30/90, SD/30"]
[Site "San Francisco"]
[Date "2009.01.06"]
[Round "1.6"]
[White "Newey, Richard"]
[Black "Naroditsky, Alan"]
[Result "1-0"]
[WhiteElo "1690"]
[BlackElo "2052"]
[PlyCount "61"]
[EventDate "2009.??.??"]

1. e4 c5 2. Nf3 d6 3. d4 cxd4 4. Nxd4 Nf6 5. Nc3 a6 6. Be2 e5 7. Nb3 Be7 8. Be3
Be6 9. O-O O-O 10. f4 b5 11. f5 Bc4 12. Bxc4 bxc4 13. Nd2 d5 14. Nxd5 Nxd5 15.
exd5 Qxd5 16. Qg4 f6 17. c3 Rc8 18. Rad1 Qf7 19. Ne4 Bf8 20. Rd2 Kh8 21. Rfd1
Nc6 22. Rd7 Qg8 23. Bc5 Rd8 24. Bxf8 Qxf8 25. Qe2 Rxd7 26. Rxd7 Rc8 27. Nd6 Rd8
28. Nf7+ Kg8 29. Nxd8 Nxd8 30. Qxc4+ Kh8 31. Qc8 1-0

[Event "Mechanics' Wilkerson Mem TNM; 30/90, SD"]
[Site "San Francisco"]
[Date "2009.09.08"]
[Round "6.19"]
[White "Newey, Richard"]
[Black "Nelson, Christopher"]
[Result "1-0"]
[WhiteElo "1692"]
[BlackElo "1563"]
[PlyCount "69"]
[EventDate "2009.??.??"]

1. e4 e6 2. d4 d5 3. Nd2 Nf6 4. e5 Nfd7 5. f4 c5 6. c3 Nc6 7. Ngf3 cxd4 8. cxd4
Bb4 9. a3 Ba5 10. b4 Bb6 11. Nb3 O-O 12. Bd3 Ne7 13. Bxh7+ Kh8 14. Bd3 g6 15.
Ng5 Kg7 16. Nc5 Nxc5 17. dxc5 Bc7 18. Bb2 Rh8 19. g4 Nc6 20. O-O Qe7 21. Qd2
Bd7 22. f5 gxf5 23. gxf5 Bxe5 24. f6+ Bxf6 25. Bxf6+ Qxf6 26. Rxf6 Kxf6 27.
Qf4+ Ke7 28. Qxf7+ Kd8 29. Nxe6+ Kc8 30. Rf1 Nd8 31. Nxd8 Kxd8 32. Qf6+ Kc7 33.
Qd6+ Kc8 34. Rf7 Bh3 35. Qc7# 1-0

[Event "Mechanics' Spring TNM; 30/90, SD/30"]
[Site "San Francisco"]
[Date "2009.04.28"]
[Round "7.22"]
[White "Newey, Richard"]
[Black "Nelson, Christopher"]
[Result "1/2-1/2"]
[WhiteElo "1690"]
[BlackElo "1420"]
[PlyCount "99"]
[EventDate "2009.??.??"]

1. e4 e5 2. Nf3 Nc6 3. Bc4 Nf6 4. Ng5 d5 5. exd5 Na5 6. Bb5+ c6 7. dxc6 bxc6 8.
Be2 h6 9. Nh3 Bc5 10. d3 Bb6 11. Nc3 c5 12. Be3 Rb8 13. Bf3 O-O 14. Ng1 Bb7 15.
a3 Nc6 16. Na4 Nd7 17. Bd5 Ne7 18. Bxb7 Rxb7 19. Ne2 Nf5 20. Bc1 Nf6 21. O-O
Qd6 22. Nxb6 axb6 23. a4 Rd8 24. Nc3 Qc6 25. f3 c4 26. Re1 Qc5+ 27. Kh1 cxd3
28. cxd3 Rbd7 29. Ne4 Nxe4 30. fxe4 Rxd3 31. Qe2 Ne7 32. Be3 Qd6 33. h3 f5 34.
Qf2 fxe4 35. Bxb6 Rd2 36. Qg1 Rc8 37. Rxe4 Nf5 38. Kh2 Rcc2 39. a5 Rxg2+ 40.
Qxg2 Rxg2+ 41. Kxg2 Qd2+ 42. Kg1 Ng3 43. Re3 Qxb2 44. Rae1 Nf5 45. Rxe5 Nh4 46.
Re8+ Kh7 47. R1e2 Qc1+ 48. Kf2 Qf4+ 49. Ke1 Qc1+ 50. Kf2 1/2-1/2

[Event "Mechanics' Summer TNM; 30/90, SD/30"]
[Site "San Francisco"]
[Date "2009.06.25"]
[Round "5.25"]
[White "Oca, Homer"]
[Black "Morgan, Jerry"]
[Result "1-0"]
[WhiteElo "1685"]
[BlackElo "1406"]
[PlyCount "61"]
[EventDate "2009.??.??"]

1. a3 e5 2. h3 d5 3. e3 Bf5 4. d3 Nd7 5. Nc3 Ngf6 6. Nf3 c6 7. Be2 Bd6 8. O-O
Qc7 9. Bd2 h6 10. Nh4 Bh7 11. f4 O-O-O 12. fxe5 Nxe5 13. b4 Qb6 14. Na4 Qc7 15.
c4 Be7 16. Nf5 Bxf5 17. Rxf5 dxc4 18. d4 Ng6 19. Be1 Rd5 20. Rxd5 Nxd5 21. Bf2
b5 22. Nc5 Bxc5 23. bxc5 f5 24. Qc2 Nge7 25. a4 Nb4 26. Qb1 a5 27. axb5 cxb5
28. Be1 Ned5 29. Qxf5+ Kb7 30. Bf3 Rd8 31. Bxb4 1-0

[Event "Mechanics' Summer TNM; 30/90, SD/30"]
[Site "San Francisco"]
[Date "2009.07.07"]
[Round "7.17"]
[White "Oca, Homer"]
[Black "Russell, Joe"]
[Result "1-0"]
[WhiteElo "1685"]
[BlackElo "1820"]
[PlyCount "61"]
[EventDate "2009.??.??"]

1. a3 e5 2. Nc3 d5 3. e3 f5 4. d3 c5 5. Qd2 Nf6 6. g3 Nc6 7. Bg2 Be7 8. f3 O-O
9. Qf2 d4 10. Nd1 e4 11. h3 exd3 12. cxd3 dxe3 13. Bxe3 Qxd3 14. Nc3 Re8 15.
Rd1 Qc4 16. Nge2 Ne5 17. Nc1 Qa6 18. Bf1 Qa5 19. f4 Ne4 20. Qg2 Nxc3 21. Bd2
Nc6 22. Bc4+ Kf8 23. O-O Bf6 24. bxc3 Be6 25. Bxe6 Rxe6 26. Qd5 Rae8 27. Nb3
Qb6 28. Nxc5 Be7 29. Be3 Rd6 30. Qxd6 Bxd6 31. Nd7+ 1-0

[Event "Mechanics' Spring TNM; 30/90, SD/30"]
[Site "San Francisco"]
[Date "2009.03.17"]
[Round "2"]
[White "Oca, Homer"]
[Black "Shakhnazarov, Oleg"]
[Result "0-1"]
[WhiteElo "1753"]
[BlackElo "2178"]
[PlyCount "70"]
[EventDate "2009.??.??"]

1. h3 Nc6 2. d4 d5 3. Nf3 h6 4. Bf4 g5 5. Bg3 Bg7 6. e3 a6 7. c3 Nf6 8. Bd3 g4
9. Ne5 gxh3 10. gxh3 Ne4 11. Bf4 Nxe5 12. dxe5 Nc5 13. Bc2 Ne6 14. Bg3 c5 15.
f4 Qb6 16. Ba4+ Kf8 17. Rh2 c4 18. Re2 Nc5 19. b4 Nd3+ 20. Kd2 Bxh3 21. Qh1 Bg4
22. Rh2 Bf5 23. Na3 Rd8 24. Nc2 Be4 25. Qb1 Qg6 26. Bf2 b5 27. Qf1 bxa4 28. Nd4
a3 29. Bh4 Qb6 30. Bg3 h5 31. f5 Bxe5 32. Bxe5 Nxe5 33. Ne6+ fxe6 34. Qf4 Nf3+
35. Ke2 e5 0-1

[Event "Mechanics' Spring TNM; 30/90, SD/30"]
[Site "San Francisco"]
[Date "2009.03.31"]
[Round "3.21"]
[White "Oca, Homer"]
[Black "Star, Spencer"]
[Result "1-0"]
[WhiteElo "1753"]
[BlackElo "1097"]
[PlyCount "47"]
[EventDate "2009.??.??"]

1. a3 d5 2. h3 Nf6 3. d3 c5 4. e3 e5 5. Nd2 Nc6 6. Ngf3 Be7 7. Be2 O-O 8. O-O
e4 9. dxe4 dxe4 10. Nh2 b6 11. c4 Bb7 12. Qc2 Ne5 13. f4 exf3 14. Ndxf3 Nxf3+
15. Bxf3 Qc7 16. Bd2 Rfe8 17. Bc3 g6 18. Bxb7 Qxb7 19. Bxf6 Qc7 20. Ng4 Bf8 21.
e4 Bg7 22. e5 Kf8 23. Qd2 Bxf6 24. exf6 1-0

[Event "Mechanics' Spring TNM; 30/90, SD/30"]
[Site "San Francisco"]
[Date "2009.04.28"]
[Round "7.18"]
[White "Oca, Homer"]
[Black "Starr, Albert"]
[Result "0-1"]
[WhiteElo "1753"]
[BlackElo "1621"]
[PlyCount "57"]
[EventDate "2009.??.??"]

1. a3 b5 2. h3 Bb7 3. Nf3 e6 4. d4 Nf6 5. e3 b4 6. axb4 Bxb4+ 7. c3 Be7 8. Nbd2
O-O 9. Bd3 g6 10. O-O d6 11. e4 Nbd7 12. Re1 c5 13. Nf1 a5 14. Bh6 Re8 15. e5
Nd5 16. Ng3 Bf8 17. Qd2 Qc7 18. Bxf8 Nxf8 19. Qh6 Ne7 20. Ng5 Qc6 21. Be4 d5
22. Bd3 Rec8 23. Re3 Rc7 24. Nf1 Qb6 25. Rf3 Nc8 26. Ne3 cxd4 27. Ng4 Na7 28.
Nf6+ Kh8 29. Ngxh7 0-1

[Event "Mechanics' Spring TNM; 30/90, SD/30"]
[Site "San Francisco"]
[Date "2009.04.07"]
[Round "4.11"]
[White "Oca, Homer"]
[Black "Todortsev, Victor"]
[Result "0-1"]
[WhiteElo "1753"]
[BlackElo "1928"]
[PlyCount "52"]
[EventDate "2009.??.??"]

1. h3 e5 2. a3 d5 3. b4 Nf6 4. Bb2 Bd6 5. e3 O-O 6. c4 c6 7. c5 Bc7 8. Bd3 Be6
9. Bc2 Nbd7 10. d3 b6 11. d4 Re8 12. Nf3 e4 13. Nfd2 Nf8 14. O-O Qd7 15. f4
Bxh3 16. gxh3 Qxh3 17. Qe2 Ng4 18. Re1 Qg3+ 19. Qg2 Qxe1+ 20. Nf1 Nxe3 21. Qf2
Qxf2+ 22. Kxf2 Nxc2 23. Ra2 bxc5 24. bxc5 Rab8 25. Ne3 Nxe3 26. Kxe3 Rb3+ 0-1

[Event "Mechanics' Winter TNM; 30/90, SD/30"]
[Site "San Francisco"]
[Date "2009.01.27"]
[Round "4.26"]
[White "Oca, Homer Nicolas"]
[Black "Askin, Michael"]
[Result "0-1"]
[WhiteElo "1677"]
[BlackElo "1257"]
[PlyCount "58"]
[EventDate "2009.??.??"]

1. h3 d5 2. d4 Nf6 3. e3 c5 4. c4 Nc6 5. Nf3 Bf5 6. a3 e6 7. Nc3 h6 8. dxc5 Qa5
9. Bd2 Qxc5 10. b4 Qb6 11. c5 Qd8 12. Bb5 g5 13. Ne5 Qc7 14. Bxc6+ bxc6 15. Qa4
Rc8 16. f4 Nd7 17. Nxd7 Qxd7 18. Ne2 Bg7 19. Nd4 Bd3 20. Bc3 gxf4 21. Kd2 Bb5
22. Nxb5 fxe3+ 23. Kxe3 cxb5 24. Qd1 Bxc3 25. Ra2 d4+ 26. Kf2 Qd5 27. Rc2 Rg8
28. Qf3 Qxf3+ 29. gxf3 Kd7 0-1

[Event "Mechanics' Winter TNM; 30/90, SD/30"]
[Site "San Francisco"]
[Date "2009.01.13"]
[Round "2.13"]
[White "Oca, Homer Nicolas"]
[Black "Grey, Peter"]
[Result "0-1"]
[WhiteElo "1677"]
[BlackElo "2000"]
[PlyCount "120"]
[EventDate "2009.??.??"]

1. c4 Nf6 2. b3 g6 3. Nc3 Bg7 4. d4 d5 5. e3 O-O 6. Nf3 c5 7. Qc2 Nc6 8. a3
cxd4 9. exd4 dxc4 10. Bxc4 Nxd4 11. Nxd4 Qxd4 12. Be3 Qe5 13. Rc1 Bf5 14. Qe2
a6 15. a4 Ng4 16. h3 Nxe3 17. Qxe3 Qxe3+ 18. fxe3 Bxc3+ 19. Rxc3 Rac8 20. a5
Be6 21. O-O Bxc4 22. bxc4 Rc5 23. Rb1 Rb8 24. Kf2 Rxa5 25. c5 Rc8 26. Rxb7
Raxc5 27. Rxc5 Rxc5 28. Rxe7 Kg7 29. e4 Kf6 30. Ra7 a5 31. h4 h5 32. Kf3 g5 33.
hxg5+ Rxg5 34. g3 Rb5 35. Kf4 Kg6 36. Ra6+ f6 37. Ra8 Re5 38. Ra7 Rg5 39. Kf3
Rc5 40. Kf4 Re5 41. Kf3 f5 42. exf5+ Kxf5 43. Rf7+ Ke6 44. Ra7 Kd6 45. Kf4 Rb5
46. Ra6+ Kc5 47. Ke3 Kb4 48. Kd2 Kb3 49. Rf6 a4 50. Rc6 a3 51. Rc3+ Ka2 52. Kc1
Rb1+ 53. Kc2 Rb2+ 54. Kc1 Rb3 55. Rc2+ Ka1 56. Rc5 a2 57. Rxh5 Rc3+ 58. Kd2 Kb2
59. Ra5 Rxg3 60. Rb5+ Rb3 0-1

[Event "Mechanics' Spring TNM; 30/90, SD/30"]
[Site "San Francisco"]
[Date "2009.04.28"]
[Round "7.20"]
[White "Ochoa, Jason"]
[Black "Chan, John"]
[Result "1-0"]
[WhiteElo "1905"]
[BlackElo "1511"]
[PlyCount "87"]
[EventDate "2009.??.??"]

1. c4 e5 2. Nc3 Nc6 3. g3 f5 4. Bg2 Nf6 5. e3 Nb4 6. d3 c6 7. a3 Na6 8. d4 e4
9. Nge2 Nc7 10. d5 d6 11. O-O c5 12. b4 b6 13. Bb2 Bd7 14. Nf4 Be7 15. Nb5 Nxb5
16. cxb5 O-O 17. bxc5 bxc5 18. Rb1 Rb8 19. a4 Qc8 20. Bc3 Rf7 21. Re1 g6 22.
Bf1 Ng4 23. h3 Nh6 24. Bc4 Bf6 25. Qc2 Kf8 26. Qb2 Ke7 27. Red1 Ng8 28. Rd2
Bxc3 29. Qxc3 Nf6 30. Kg2 Qc7 31. a5 g5 32. Ne6 Bxe6 33. dxe6 Rff8 34. Rbd1
Rbd8 35. Qb3 Ne8 36. b6 axb6 37. axb6 Qb8 38. Ra2 Kf6 39. Qb2+ Kg6 40. e7 Rf6
41. exd8=Q Qxd8 42. b7 f4 43. b8=Q Qd7 44. Q2b7 1-0

[Event "Mechanics' Summer TNM; 30/90, SD/30"]
[Site "San Francisco"]
[Date "2009.06.16"]
[Round "4.16"]
[White "Ochoa, Jason"]
[Black "Gray, William"]
[Result "0-1"]
[WhiteElo "1900"]
[BlackElo "2057"]
[PlyCount "38"]
[EventDate "2009.??.??"]

1. c4 e5 2. Nc3 Nf6 3. g3 g6 4. Bg2 Bg7 5. Nf3 Nc6 6. O-O d6 7. h3 O-O 8. e3
Be6 9. b3 e4 10. Ng5 Bf5 11. f3 exf3 12. Nxf3 Ne4 13. Qe1 Nb4 14. Nxe4 Bxe4 15.
d4 Nc2 16. Qc3 Nxa1 17. Qxa1 Re8 18. Qc3 c5 19. Kh1 Re7 {remainder illegible}
0-1

[Event "Mechanics' Summer TNM; 30/90, SD/30"]
[Site "San Francisco"]
[Date "2009.06.02"]
[Round "2.18"]
[White "Ochoa, Jason"]
[Black "Nelson, Chris"]
[Result "1-0"]
[WhiteElo "1900"]
[BlackElo "1398"]
[PlyCount "80"]
[EventDate "2009.??.??"]

1. c4 e6 2. g3 f5 3. Bg2 Nf6 4. Nf3 Be7 5. O-O O-O 6. d4 c6 7. Nc3 Na6 8. d5
Qc7 9. Bg5 d6 10. Rc1 Nc5 11. Nd2 e5 12. b4 Ncd7 13. Nb3 h6 14. Bd2 a6 15. e3
c5 16. b5 e4 17. Ne2 Ne5 18. Nf4 Nd3 19. Nxd3 exd3 20. Bc3 Ne4 21. b6 Nxc3 22.
bxc7 Nxd1 23. Rfxd1 b6 24. Rxd3 Ra7 25. Nd2 Rxc7 26. Rb3 Rb7 27. Rcb1 Bd8 28.
f4 Bd7 29. Bf1 a5 30. e4 Ba4 31. Re3 Re8 32. Bd3 Rbe7 33. Rbe1 g6 34. e5 dxe5
35. fxe5 Rg7 36. Nf3 Rf8 37. e6 Be7 38. Ne5 Bf6 39. d6 Bg5 40. R3e2 Bf6 1-0

[Event "Mechanics' Spring TNM; 30/90, SD/30"]
[Site "San Francisco"]
[Date "2009.04.14"]
[Round "5.26"]
[White "Ochoa, Jason"]
[Black "Puryear, Ted"]
[Result "1-0"]
[WhiteElo "1905"]
[BlackElo "1124"]
[PlyCount "51"]
[EventDate "2009.??.??"]

1. c4 Nf6 2. Nc3 g6 3. g3 Bg7 4. Bg2 O-O 5. d4 d6 6. e4 Nc6 7. Nge2 a6 8. O-O
Rb8 9. h3 e5 10. d5 Na5 11. Qd3 c5 12. Bg5 Qe8 13. b3 b5 14. Rab1 bxc4 15. bxc4
Bd7 16. Rxb8 Qxb8 17. Rb1 Qc8 18. Kh2 Ne8 19. Be7 f5 20. Bxf8 Bxf8 21. f4 exf4
22. Nxf4 Nf6 23. Re1 fxe4 24. Nxe4 Nxe4 25. Bxe4 Bxh3 26. Nxh3 1-0

[Event "Mechanics' Spring TNM; 30/90, SD/30"]
[Site "San Francisco"]
[Date "2009.05.05"]
[Round "8.15"]
[White "Ochoa, Jason"]
[Black "Royzen, Igor"]
[Result "1/2-1/2"]
[WhiteElo "1905"]
[BlackElo "1722"]
[PlyCount "111"]
[EventDate "2009.??.??"]

1. c4 c6 2. Nf3 d5 3. cxd5 cxd5 4. g3 Nf6 5. Bg2 Nc6 6. O-O Bf5 7. d3 e6 8. Nh4
Bg4 9. h3 Bh5 10. g4 Nd7 11. Nf3 Bg6 12. Qb3 Qb6 13. Qc2 Bd6 14. Be3 Qd8 15.
Nc3 O-O 16. Nb5 Be7 17. a3 Rc8 18. Qd2 Nc5 19. Bxc5 Bxc5 20. Rac1 Qb6 21. Nc3
Bd6 22. b4 Nd4 23. Nxd4 Qxd4 24. Nb5 Qf4 25. Qxf4 Bxf4 26. Rxc8 Rxc8 27. Nxa7
Rc2 28. Bf3 f6 29. Nb5 Ra2 30. Nd4 Kf7 31. Nb5 Ke7 32. e4 Be8 33. Nd4 Rxa3 34.
Be2 dxe4 35. dxe4 Bg6 36. Bc4 e5 37. Nf5+ Bxf5 38. gxf5 Rxh3 39. Rd1 Rc3 40.
Be6 Rc1 41. Rxc1 Bxc1 42. Kg2 Bd2 43. b5 Kd6 44. Bd5 Kc5 45. Bxb7 Kxb5 46. Kf3
Kc4 47. Kg4 Kd3 48. Bd5 Ke2 49. f3 Bg5 50. Bg8 h6 51. Bc4+ Kf2 52. Bd5 Ke3 53.
Bf7 Kf2 54. Bh5 Ke3 55. Bg6 Kf2 56. Bh5 1/2-1/2

[Event "Mechanics' Fall TNM; 30/90, SD/30"]
[Site "San Francisco"]
[Date "2009.11.03"]
[Round "3.29"]
[White "Olson, David"]
[Black "Barrow, Lyle"]
[Result "1/2-1/2"]
[WhiteElo "1641"]
[BlackElo "1486"]
[PlyCount "41"]
[EventDate "2009.??.??"]

1. e4 e6 2. d4 d5 3. Nc3 Bb4 4. e5 c5 5. Bb5+ Bd7 6. Bxd7+ Qxd7 7. Nge2 Nc6 8.
Be3 cxd4 9. Nxd4 Bxc3+ 10. bxc3 Nxe5 11. O-O Nf6 12. f4 Nc4 13. Bc1 g6 14. Rf3
Ne4 15. Rh3 a6 16. Rb1 b5 17. Qg4 Rc8 18. Qe2 Ncd6 19. Bb2 Nc4 20. Bc1 Ncd6 21.
Bb2 1/2-1/2

[Event "Mechanics' Fall TNM; 30/90, SD/30"]
[Site "San Francisco"]
[Date "2009.12.08"]
[Round "8.24"]
[White "Olson, David"]
[Black "Evans, Nicholas"]
[Result "0-1"]
[WhiteElo "1641"]
[BlackElo "1500"]
[PlyCount "36"]
[EventDate "2009.??.??"]

1. e4 e6 2. Nf3 d5 3. exd5 exd5 4. d4 Bg4 5. Be2 Bd6 6. O-O Nf6 7. Re1 O-O 8.
Ne5 Bxe2 9. Rxe2 Re8 10. Nc3 Nc6 11. f4 Nd7 12. Nxd5 Nxd4 13. Rd2 Nxe5 14. fxe5
Bc5 15. Kh1 Qxd5 16. c3 Qxe5 17. h3 Qe1+ 18. Qxe1 Rxe1+ 0-1

[Event "Capps Memorial"]
[Site "San Francisco"]
[Date "2009.11.08"]
[Round "4"]
[White "Pearson, Michael"]
[Black "De Guzman, Ricardo"]
[Result "0-1"]
[WhiteElo "2280"]
[BlackElo "2469"]
[PlyCount "75"]
[EventDate "2009.11.08"]
[EventType "swiss"]
[EventRounds "6"]
[EventCountry "USA"]

1. e4 c5 2. Nf3 e6 3. d4 cxd4 4. Nxd4 a6 5. Nc3 Qc7 6. f4 b5 7. Be2 Bb7 8. Bf3
d6 9. O-O Nd7 10. g4 b4 11. Na4 e5 12. Nf5 g6 13. Ng3 exf4 14. Bxf4 Ne5 15. c3
bxc3 16. Rc1 Bg7 17. Rxc3 Qd8 18. Be3 Rc8 19. Qb3 Rxc3 20. Nxc3 Qd7 21. Nd5 Ne7
22. Nb6 Qe6 23. Qa4+ Bc6 24. Qxa6 O-O 25. Bd1 Nxg4 26. Bb3 Qe5 27. Nc4 Qb5 28.
Qxb5 Bxb5 29. Bg5 Nc6 30. Rxf7 Bd4+ 31. Kg2 Rxf7 32. Nxd6 Bd3 33. Bxf7+ Kg7 34.
Bd5 Nb4 35. Ngf5+ gxf5 36. Nxf5+ Kg6 37. Nxd4 Kxg5 38. Kg3 {
0-1 after more moves in time pressure.} 0-1

[Event "Mechanics' Fall TNM; 30/90, SD/30"]
[Site "San Francisco"]
[Date "2009.11.17"]
[Round "5.3"]
[White "Pearson, Michael"]
[Black "Krasnov, Steven"]
[Result "1-0"]
[WhiteElo "2290"]
[BlackElo "1932"]
[PlyCount "53"]
[EventDate "2009.??.??"]

1. e4 g6 2. d4 Bg7 3. Nc3 Nc6 4. Be3 d5 5. exd5 Nb4 6. Nf3 Nf6 7. Bb5+ Kf8 8.
O-O Nbxd5 9. Nxd5 Nxd5 10. Bc4 c6 11. Qd2 h6 12. Bf4 Be6 13. Be5 Nf4 14. Qxf4
Bxc4 15. Rfe1 Be6 16. b3 Rh7 17. Rad1 Kg8 18. c4 Bxe5 19. Rxe5 Qc7 20. Qe3 Re8
21. d5 Bg4 22. d6 Qb8 23. Rxe7 Rd8 24. d7 Be6 25. Ne5 Rg7 26. Qxh6 Kf8 27.
Nxg6+ 1-0

[Event "Mechanics' Fall TNM; 30/90, SD/30"]
[Site "San Francisco"]
[Date "2009.12.01"]
[Round "7.1"]
[White "Pearson, Michael"]
[Black "Shakhnazarov, Oleg"]
[Result "1-0"]
[WhiteElo "2290"]
[BlackElo "2200"]
[PlyCount "79"]
[EventDate "2009.??.??"]

1. d4 Nf6 2. c4 d6 3. Nc3 g6 4. Nf3 Bg7 5. e4 Nbd7 6. e5 dxe5 7. dxe5 Ng4 8. e6
fxe6 9. Ng5 Nde5 10. Qxd8+ Kxd8 11. f4 h6 12. Nge4 Nc6 13. Bd3 a6 14. Bd2 Ke8
15. h3 Nf6 16. Nxf6+ Bxf6 17. Bxg6+ Kf8 18. O-O-O Kg7 19. Be4 Bd7 20. g4 b5 21.
h4 Rab8 22. cxb5 axb5 23. Be3 Be8 24. Ne2 Kf7 25. g5 Bg7 26. Ng3 Na5 27. f5
hxg5 28. fxe6+ Kg8 29. Nf5 Nc4 30. Nxe7+ Kf8 31. Bxg5 Bxb2+ 32. Kb1 Bh5 33.
Rdf1+ Kg7 34. Rhg1 Rhf8 35. Bf6+ Kh6 36. Nf5+ Kh7 37. Rg7+ Kh8 38. Rg8+ Kh7 39.
Nh6+ Kxh6 40. Bg5# 1-0

[Event "Mechanics' Fall TNM; 30/90, SD/30"]
[Site "San Francisco"]
[Date "2009.10.20"]
[Round "1.1"]
[White "Pearson, Michael"]
[Black "Sherwood, Peter"]
[Result "1-0"]
[WhiteElo "2290"]
[BlackElo "1737"]
[PlyCount "77"]
[EventDate "2009.??.??"]

1. e4 c5 2. Nf3 d6 3. d4 cxd4 4. Nxd4 Nf6 5. Nc3 a6 6. f4 Nc6 7. Nxc6 bxc6 8.
e5 Nd7 9. exd6 exd6 10. Bc4 d5 11. Bb3 Bc5 12. Qe2+ Qe7 13. Na4 Qxe2+ 14. Kxe2
Ba7 15. Be3 O-O 16. Bxa7 Rxa7 17. Rhe1 Nf6 18. Nc5 Re7+ 19. Kd2 Rfe8 20. Ba4
Ne4+ 21. Nxe4 Rxe4 22. Bxc6 R8e6 23. Rxe4 dxe4 24. Bd5 Rd6 25. c4 Be6 26. Kc3
Bxd5 27. Rd1 f5 28. Rxd5 Rxd5 29. cxd5 Kf7 30. b4 Ke7 31. Kd4 Kd6 32. a4 e3 33.
Kxe3 Kxd5 34. Kd3 g6 35. g3 h6 36. Kc3 h5 37. Kd3 Kc6 38. Kc4 Kd6 39. b5 1-0

[Event "Mechanics' Fall TNM; 30/90, SD/30"]
[Site "San Francisco"]
[Date "2009.11.03"]
[Round "3.1"]
[White "Pearson, Michael"]
[Black "Traub, Igor"]
[Result "0-1"]
[WhiteElo "2290"]
[BlackElo "2074"]
[PlyCount "87"]
[EventDate "2009.??.??"]

1. e4 d5 2. exd5 Nf6 3. d4 Nxd5 4. Nf3 g6 5. Be2 Bg7 6. O-O O-O 7. c4 Nb6 8. h3
Nc6 9. Be3 e5 10. d5 Ne7 11. Nc3 Nf5 12. Bc5 Re8 13. Ne4 Nd7 14. Bb4 Nd4 15.
Nxd4 exd4 16. Bd3 b6 17. Re1 Ne5 18. Bf1 Bb7 19. Qb3 f5 20. Nd2 c6 21. f4 Nf7
22. d6 a5 23. Re7 a4 24. Qd3 Nxd6 25. Rxg7+ Kxg7 26. Qxd4+ Kh6 27. Bxd6 c5 28.
Qd3 Re6 29. Be5 Qxd3 30. Bxd3 Rd8 31. Bxf5 gxf5 32. Nf1 Rg6 33. g3 Rd3 34. Kf2
Be4 35. Re1 Rg8 36. a3 Rf3+ 37. Ke2 Rb3 38. Kf2 Rd8 39. Bc3 Rd3 40. Ne3 Rdxc3
41. bxc3 Rxa3 42. g4 Rxc3 43. gxf5 Kg7 44. Ng4 0-1

[Event "Mechanics' Summer TNM; 30/90, SD/30"]
[Site "San Francisco"]
[Date "2009.06.09"]
[Round "3.18"]
[White "Periwal, Prashant"]
[Black "Allen, Tom"]
[Result "1-0"]
[WhiteElo "1855"]
[BlackElo "1573"]
[PlyCount "49"]
[EventDate "2009.??.??"]

1. e4 e5 2. d4 exd4 3. c3 dxc3 4. Bc4 cxb2 5. Bxb2 c6 6. Nf3 Nf6 7. O-O Be7 8.
e5 d5 9. exf6 Bxf6 10. Qe2+ Be6 11. Bd3 Nd7 12. Nc3 O-O 13. Rfe1 Nc5 14. Qc2
Nxd3 15. Qxd3 Qc7 16. Rac1 Rad8 17. Nb5 Qf4 18. g3 Bf5 19. Qb3 Qh6 20. Ba3 cxb5
21. Bxf8 Rxf8 22. Qxd5 Be6 23. Qxb5 Rb8 24. Qxb7 Rxb7 25. Rc8+ 1-0

[Event "Mechanics' Spring TNM; 30/90, SD/30"]
[Site "San Francisco"]
[Date "2009.04.21"]
[Round "6.11"]
[White "Periwal, Prashant"]
[Black "Campers, Willie"]
[Result "1-0"]
[WhiteElo "1860"]
[BlackElo "1777"]
[PlyCount "65"]
[EventDate "2009.??.??"]

1. e4 e6 2. d4 d5 3. Nd2 Be7 4. f4 Nh6 5. Ngf3 O-O 6. Bd3 c5 7. c3 Ng4 8. Nf1
Nc6 9. Ng5 Bxg5 10. fxg5 e5 11. h3 Nf2 12. Kxf2 exd4 13. Ng3 c4 14. exd5 Qxd5
15. Be4 Qc5 16. cxd4 Qb6 17. Bxc6 Qxc6 18. Rf1 b5 19. Qf3 Qb6 20. Be3 Bb7 21.
d5 Qg6 22. Qf5 Qd6 23. Rad1 Qa6 24. Bd4 Rad8 25. Bxg7 Kxg7 26. Nh5+ Kh8 27. Nf6
Qb6+ 28. Kf3 Qxf6 29. Qxf6+ Kg8 30. Rd4 Rd7 31. h4 Rfd8 32. Kg3 Rc8 33. h5 1-0

[Event "Mechanics' Spring TNM; 30/90, SD/30"]
[Site "San Francisco"]
[Date "2009.04.07"]
[Round "4.16"]
[White "Periwal, Prashant"]
[Black "Chan, John"]
[Result "1-0"]
[WhiteElo "1860"]
[BlackElo "1511"]
[PlyCount "107"]
[EventDate "2009.??.??"]

1. e4 d6 2. d4 Nf6 3. Nd2 e5 4. d5 c5 5. Ne2 Be7 6. a4 a5 7. Nc3 Bd7 8. Ra3 b6
9. Bc4 Bg4 10. f3 Bh5 11. Bb5+ Nbd7 12. Bc6 Rb8 13. Nb5 O-O 14. Qe2 h6 15. Nc4
Ne8 16. Be3 Bg6 17. g4 Bh4+ 18. Kd1 Qe7 19. Rb3 Ndf6 20. Qd2 Kh7 21. Rg1 Ng8
22. Bxe8 Rfxe8 23. Nbxd6 Red8 24. Nb5 Qf6 25. Qe2 Ne7 26. Rd3 Rd7 27. Kc1 Rbd8
28. Rgd1 Nc8 29. R1d2 Qe7 30. Qd1 f6 31. b3 Qf8 32. Qg1 Be8 33. Nxb6 Nxb6 34.
Bxc5 Qf7 35. Bxb6 Rb8 36. Rd1 Qe7 37. d6 Qf7 38. c4 Rdb7 39. c5 Bd7 40. Rc3 Rc8
41. Kb2 Bc6 42. Rdd3 Qd7 43. Qd1 Bg5 44. Rc4 Bxb5 45. axb5 Qxb5 46. d7 Rd8 47.
Bxd8 Qxc4 48. Bb6 Bc1+ 49. Ka2 Qb4 50. Qxc1 a4 51. d8=Q axb3+ 52. Rxb3 Qa4+ 53.
Qa3 Qc6 54. Qaa8 1-0

[Event "Mechanics' Summer TNM; 30/90, SD/30"]
[Site "San Francisco"]
[Date "2009.06.30"]
[Round "6.12"]
[White "Periwal, Prashant"]
[Black "Litowsky, Daniel"]
[Result "1-0"]
[WhiteElo "1855"]
[BlackElo "1700"]
[PlyCount "41"]
[EventDate "2009.??.??"]

1. e4 e5 2. d4 exd4 3. c3 d6 4. cxd4 Be7 5. Nf3 Nf6 6. Nc3 a6 7. Bf4 h6 8. h3
Nbd7 9. d5 O-O 10. a4 Re8 11. Bd3 Nf8 12. Qc2 Ng6 13. Bh2 Bd7 14. Nd2 Rc8 15.
Qb3 Rb8 16. f4 Bf8 17. O-O Kh8 18. Rae1 Qc8 19. e5 Ng8 20. Bxg6 fxg6 21. e6 1-0

[Event "Mechanics' Winter TNM; 30/90, SD/30"]
[Site "San Francisco"]
[Date "2009.01.06"]
[Round "1.13"]
[White "Periwal, Prashant"]
[Black "Mar, Henry"]
[Result "1-0"]
[WhiteElo "1869"]
[BlackElo "1500"]
[PlyCount "79"]
[EventDate "2009.??.??"]

1. e4 c5 2. Nf3 d6 3. Bc4 Nf6 4. Qe2 Nc6 5. c3 a6 6. d4 cxd4 7. cxd4 b5 8. Bd3
Nb4 9. Bxb5+ Bd7 10. Bxd7+ Qxd7 11. Nc3 e6 12. O-O Be7 13. Bf4 Nh5 14. Be3 Nf6
15. Rfd1 Qb7 16. a3 Nc6 17. d5 Nd8 18. Rd4 e5 19. Rb4 Qd7 20. h3 O-O 21. Na4
Qe8 22. Nb6 a5 23. Ra4 Nb7 24. b3 Nc5 25. Bxc5 dxc5 26. Nxa8 Qxa8 27. Nxe5 Bd6
28. Nc4 Bc7 29. Rd1 Re8 30. f3 Nh5 31. d6 Ng3 32. Qf2 Nxe4 33. fxe4 Bb8 34. e5
Ba7 35. Rxa5 Qb7 36. Qf3 Qd7 37. Kh2 Re6 38. Qa8+ Re8 39. Rxa7 Qe6 40. d7 1-0